Crises in the Apostolic Church / (Record no. 4494)

MARC details
000 -LEADER
fixed length control field 00383nam a22001457a 4500
003 - CONTROL NUMBER IDENTIFIER
control field GBCCL
005 - DATE AND TIME OF LATEST TRANSACTION
control field 20241126110519.0
008 - FIXED-LENGTH DATA ELEMENTS--GENERAL INFORMATION
fixed length control field 180123b xxu||||| |||| 00| 0 eng d
040 ## - CATALOGING SOURCE
Transcribing agency gbc
100 ## - MAIN ENTRY--PERSONAL NAME
Personal name Teng, Philip
9 (RLIN) 8367
245 ## - TITLE STATEMENT
Title Crises in the Apostolic Church /
Statement of responsibility, etc. Philip Teng
260 ## - PUBLICATION, DISTRIBUTION, ETC.
Place of publication, distribution, etc. Bombay:
Name of publisher, distributor, etc. Gospel Literature Service,
Date of publication, distribution, etc. 1980
300 ## - PHYSICAL DESCRIPTION
Extent 64 p.;
Dimensions 18 cm.
942 ## - ADDED ENTRY ELEMENTS (KOHA)
Source of classification or shelving scheme Dewey Decimal Classification
Koha item type Books
Holdings
Withdrawn status Lost status Source of classification or shelving scheme Damaged status Not for loan Home library Current Library Shelving location Date acquired Total checkouts Barcode Date last seen Copy number Price effective from Koha item type
    Dewey Decimal Classification     GRACE BIBLE COLLEGE GRACE BIBLE COLLEGE Vernacular 2018-01-23   004703 2018-01-23 c.1 2018-01-23 Books
© Grace Bible College Library 2025